000 00530nam a22001697a 4500
005 20251108170022.0
008 250721s9999 xx 000 0 ara d
082 1 4 _aط/ق/عبد
100 1 _aحمدي، عبد الرحمن
245 1 0 _aالمغارمون الثلاثة في لغز النهر المقدس /
264 1 _aالقاهره :
_bدار المعارف،
_c[19-].
300 _a96ص
490 0 _aقصص بوليسية للأولاد
650 1 7 _aالقصص العربية
942 _2ddc
_cBK
999 _c37554
_d37554